00330nam a22001097a 4500008004100000020001800041082001200059245005700071260007600128300001000204440000600214230606b xxu||||| |||| 00| 0 eng d a9789966021038 a341.249 aKonrad Adenauer Stiftung bAfrican Law Study Library aNairobi,KenyabRule of Law Program for Sub-Saharan AfricacOctober,2011 aI,86p v7